Statistics for English Football Honours (1950-present)

Click here to take the quiz!

General Stats

  • This quiz has been taken 234 times
    (205 since last reset)
  • The average score is 26 of 37

Answer Stats

Club% Correct
Liverpool
100%
Manchester City
99%
Manchester United
99%
Arsenal
98%
Chelsea
97%
Tottenham Hotspur
95%
Leicester City
92%
Newcastle United
89%
Everton
87%
Aston Villa
85%
Leeds United
84%
Blackburn Rovers
83%
Nottingham Forest
83%
Sunderland
78%
Wolverhampton Wanderers
77%
West Ham United
76%
Wigan Athletic
74%
Birmingham City
69%
Southampton
69%
Norwich City
68%
Swansea City
66%
Portsmouth
65%
Derby County
64%
Sheffield Wednesday
62%
Burnley
61%
Bolton Wanderers
59%
Middlesbrough
59%
West Bromwich Albion
59%
Ipswich Town
57%
Queens Park Rangers
57%
Stoke City
55%
Wimbledon†
52%
Coventry City
49%
Blackpool
46%
Luton Town
43%
Oxford United
29%
Swindon Town
29%

Score Distribution

Percentile by Number Answered

Percent of People with Each Score

Your Score History

You have not taken this quiz since the last reset